000 00739cam a2200229 a 4500
001 2109083
005 20250304120038.0
008 961120s1997 ohua b 001 0 eng
020 _a0314216502 (pbk.)
050 0 0 _aHD41
_b.G695 1997
082 0 0 _a658.4/012
_221
100 1 _aGrimm, Curtis M.
245 1 0 _aStrategy as action :
_bindustry rivalry and coordination /
_cCurtis M. Grimm & Ken G. Smith.
260 _aCincinnati, Ohio :
_bSouth-Western College Pub.,
_cc1997.
300 _axvii, 240 p. :
_bill. ;
_c23 cm.
440 0 _aSouthwestern's strategic management series
650 0 _aCompetition.
650 0 _aStrategic alliances (Business)
650 0 _aStrategic planning.
700 1 _aSmith, Ken G.
942 _2lcc
_cBK
_n0
999 _c4511
_d4511